000 00962cam a2200277 a 4500
001 000005489
005 20200929151706.0
008 931025s1999 sp a b 001 0 spa d
020 _a8437610079
040 _aDO-SdBNP
_cTxHR
_dDLC
082 _a863.3
_bQ5s, 1999
100 1 _aQuevedo, Francisco de,
_d1580-1645
_96261
245 1 4 _aLos sueños :
_bversiones impresas. Sueños y discursos. Juguetes de la niñez. Desvelos soñolientos /
_cFrancisco de Quevedo ; edición, Ignacio Arellano.
250 _a2a ed.
260 _aMadrid :
_bCátedra,
_c1999.
300 _a652 p. :
_bil. ;
_c18 cm.
490 1 _aLetras hispánicas
_v335
504 _aIncluye referencias bibliográficas e índice.
650 4 _aNovela española
_91123
650 4 _aLiteratura española
_ySIGLO XVI
_98688
700 1 _aArellano, Ignacio,
_eed.
_915568
830 0 _aLetras hispánicas ;
_v335
_94208
910 _aCatalogación por copia / LC
910 _aWM
049 _aBNGR
999 _c5288
_d5288